His Majesty's most gracious speech to both Houses of Parliament, on Friday the twenty fourth day of April, 1724.

Bibliographic Details
Corporate Authors: Great Britain. Sovereign (1714-1727 : George I), Gale (Firm)
Format: eBook
Language:English
Subjects:
Online Access:Connect to the full text of this electronic book

MARC

Tag First Indicator Second Indicator Subfields
LEADER 00000cam a2200000 4500
001 in00003817708
005 20190415185643.0
006 m o d
007 cr |n||||||||n
008 890404s1724 stk|||| o o00| ||eng c
035 |a (CU-RivES)T190495 
035 |a (Uk-ES)006285163 
035 |a (OCoLC)509481550 
040 |a Uk-ES  |c Uk-ES  |d CU-RivES  |d CStRLIN  |d CU-RivES  |d Cengage Gale  |d UtOrBLW 
110 1 |a Great Britain.  |b Sovereign (1714-1727 : George I) 
240 1 0 |a Speeches. 1724-04-24 
245 1 0 |a His Majesty's most gracious speech to both Houses of Parliament, on Friday the twenty fourth day of April, 1724. 
264 3 |a Edinburgh :  |b Printed by William Brown and John Mosman the assigns of James Watson deceas'd, printers to the King's Most Excellent Majesty,  |c 1724. 
300 |a 1 online resource (1 sheet)  
336 |a text  |b txt  |2 rdacontent 
337 |a computer  |b c  |2 rdamedia 
338 |a online resource  |b cr  |2 rdacarrier 
510 4 |a English Short Title Catalog,  |c T190495. 
500 |a Reproduction of original from National Library of Scotland. 
500 |a Electronic resource. 
650 0 |a Jacobite Rebellion, 1715.  |0 http://id.loc.gov/authorities/subjects/sh85069217 
655 7 |a Electronic books.  |2 local 
710 2 |a Gale (Firm)  |0 http://id.loc.gov/authorities/names/no2008071348 
752 |a Great Britain  |b Scotland  |d Edinburgh. 
856 4 0 |u http://proxy.library.tamu.edu/login?url=http://find.galegroup.com/ecco/infomark.do?contentSet=ECCOArticles&docType=ECCOArticles&bookId=1545402100&type=getFullCitation&tabID=T001&prodId=ECCO&docLevel=TEXT_GRAPHICS&version=1.0&source=library&userGroupName=txshracd2898  |z Connect to the full text of this electronic book  |t 0 
999 f f |s 89132974-ec97-3b9b-b2db-8ef87edf78ff  |i 1355af85-0c37-324f-a018-297ebca128a5  |t 0 
952 f f |a Texas A&M University  |b College Station  |c Electronic Resources  |d Available Online  |t 0  |h No information provided 
998 f f |t 0  |l Available Online